La prensa periódica española en América Latina: voces, prácticas y diálogos para la identidad española en la diáspora
Saved in:
| Main Author: | |
|---|---|
| Format: | Book |
| Language: | Spanish |
| Published: |
Buenos Aires
Leviatán
2017
|
| Edition: | 1a. ed |
| Subjects: | |
| Tags: |
Add Tag
No Tags, Be the first to tag this record!
|
MARC
| LEADER | 00000cam a2200000 a 4500 | ||
|---|---|---|---|
| 001 | UCC3686 | ||
| 003 | CL-VaPUC | ||
| 008 | 180531e20170000ag |||||||||||||||||spa|d | ||
| 020 | |a 9789875149526 | ||
| 082 | 0 | 4 | |a 980 |b GAR |2 21 |
| 100 | |a Garabedian, Marcelo |e author |9 597766 | ||
| 245 | 1 | 3 | |a La prensa periódica española en América Latina: voces, prácticas y diálogos para la identidad española en la diáspora |
| 250 | |a 1a. ed | ||
| 300 | |a 207 p | ||
| 942 | |c BK | ||
| 945 | |d 20180531 16:15:00 |a arojas | ||
| 260 | |a Buenos Aires |b Leviatán |c 2017 | ||
| 650 | 7 | |a PRENSA ESPAÑOLA |2 CL-VaPUC |9 371874 | |
| 650 | 7 | |a HISTORIA DE AMERICA SIGLO 20 |2 CL-VaPUC |9 339079 | |
| 651 | 0 | |a América Latina |9 255027 | |
| 583 | |a last modification |c 20180531 16:15:00 |k Rodrigo Vera | ||
| 999 | |c 371378 |d 371376 | ||
| 952 | |0 0 |1 0 |3 erb |4 0 |6 980_000000000000000_GAR_2017 |7 0 |8 A |9 488358 |a BIBHIS |b BIBHIS |i 5473322 |o 980 GAR 2017 |p 5473322 |r 2025-01-20 |w 2019-11-24 |y BK |z Catalogado en:20180531 |k HIS | ||
| 952 | |0 0 |1 0 |3 erb |4 0 |6 980_000000000000000_GAR_2017 |7 0 |8 A |9 488359 |a BIBHIS |b BIBHIS |i 5473330 |o 980 GAR 2017 |p 5473330 |r 2025-01-20 |w 2019-11-24 |y BK |z Catalogado en:20180531 |k HIS | ||